Catalog

Record Details

Catalog Search



Rags : hero dog of WWI : a true story  Cover Image Book Book

Rags : hero dog of WWI : a true story / written by Margot Theis Raven ; illustrated by Petra Brown.

Raven, Margot Theis, (author.). Brown, Petra, (illustrator.).

Summary:

"A stray dog named Rags befriends a U.S. soldier in Paris, France, during WWI. Rags traveled with the troops carrying messages from the front line to the back. His loyalty kept him by his owner's side until Sergeant Donovan died at the base hospital in Chicago"-- Provided by the publisher.

Record details

  • ISBN: 9781585362585
  • ISBN: 1585362581
  • Physical Description: 1 volume (unpaged) : chiefly color illustrations ; 28 cm
  • Publisher: Ann Arbor, MI : Sleeping Bear Press, ©2014
Subject: Rags (Dog)
Donovan, James, -1919.
World War, 1914-1918 > Dogs.
Dogs > War use > United States > History > 20th century.
Working dogs > United States > Biography.
World War, 1914-1918 > Regimental histories > United States > Infantry Division, 1st.

LDR 01739cam a22003978i 4500
001138977
003CONS
00520150513063451.0
008140312s2014 miua j 000 0 eng
010 . ‡a 2014004557
019 . ‡a873765292 ‡a886849657
020 . ‡a9781585362585
020 . ‡a1585362581
035 . ‡a(CPomAG)LMN588243
042 . ‡apcc
043 . ‡an-us--- ‡ae------
05000. ‡aD639.D6 ‡bR38 2014
08200. ‡a940.4/12730929 ‡223
1001 . ‡aRaven, Margot Theis, ‡eauthor.
24510. ‡aRags : ‡bhero dog of WWI : a true story / ‡cwritten by Margot Theis Raven ; illustrated by Petra Brown.
264 1. ‡aAnn Arbor, MI : ‡bSleeping Bear Press, ‡c©2014
300 . ‡a1 volume (unpaged) : ‡bchiefly color illustrations ; ‡c28 cm
336 . ‡atext ‡2rdacontent
337 . ‡aunmediated ‡2rdamedia
338 . ‡avolume ‡2rdacarrier
520 . ‡a"A stray dog named Rags befriends a U.S. soldier in Paris, France, during WWI. Rags traveled with the troops carrying messages from the front line to the back. His loyalty kept him by his owner's side until Sergeant Donovan died at the base hospital in Chicago"-- ‡cProvided by the publisher.
60010. ‡aRags ‡c(Dog)
60010. ‡aDonovan, James, ‡d-1919.
650 0. ‡aWorld War, 1914-1918 ‡xDogs.
650 0. ‡aDogs ‡xWar use ‡zUnited States ‡xHistory ‡y20th century.
650 0. ‡aWorking dogs ‡zUnited States ‡vBiography.
650 0. ‡aWorld War, 1914-1918 ‡xRegimental histories ‡zUnited States ‡xInfantry Division, 1st.
7001 . ‡aBrown, Petra, ‡eillustrator.
914 . ‡aSCP_jd ‡dLMN_cm
959 . ‡i32269000957483 ‡lJ940.4 Rav ‡aJuvenile - NonFiction ‡tJuv Nonfiction ‡g22.00
852 . ‡p32269000957483 ‡jJ940.4 Rav ‡gJuvenile - NonFiction ‡cJuv Nonfiction ‡y22.00 ‡bSBPL
901 . ‡a138977 ‡bUnknown ‡c138977 ‡tbiblio

Additional Resources